Tiempo, espacio, movimiento: los principia de Newton
Saved in:
| Hovedforfatter: | |
|---|---|
| Format: | Bog |
| Sprog: | spansk |
| Udgivet: |
Santiago
Universitaria
1978
|
| Serier: | Fasciculos para la Comprension de la Ciencia, las Humanidades y la Tecnología, 7
|
| Fag: | |
| Tags: |
Tilføj Tag
Ingen Tags, Vær først til at tagge denne postø!
|
MARC
| LEADER | 00000nam a2200000 a 4500 | ||
|---|---|---|---|
| 001 | UCZ6142 | ||
| 003 | CL-VaPUC | ||
| 005 | 20221022074037.0 | ||
| 008 | 951201e19780000CL |||||||||||||||||spa|d | ||
| 999 | |c 242398 |d 242396 | ||
| 040 | |c Pontificia Universidad Católica de Valparaíso | ||
| 082 | 0 | 4 | |a 530.01 |b SAA |2 21 |
| 100 | 0 | |a Saavedra, Igor |e author |9 350368 | |
| 245 | 1 | 0 | |a Tiempo, espacio, movimiento: los principia de Newton |
| 260 | |a Santiago |b Universitaria |c 1978 | ||
| 300 | |a 84 p | ||
| 490 | 0 | |a Fasciculos para la Comprension de la Ciencia, las Humanidades y la Tecnología, 7 | |
| 500 | |a Donación Padres Capuchinos | ||
| 583 | |a last modification |c 19951201 00:00:00 |k Rodrigo Vera | ||
| 600 | |a Newton, Isaac, |d 1642-1727 |9 875680 | ||
| 650 | 0 | |a Física |9 227844 | |
| 650 | 7 | |a CIENCIAS FISICAS |2 CL-VaPUC |9 260541 | |
| 650 | 0 | |a Tiempo |9 267892 | |
| 650 | 0 | |a Espacio |9 336785 | |
| 942 | |c BK |2 ddc | ||
| 945 | |d 19951201 00:00:00 |a cmena | ||
| 952 | |0 0 |1 0 |4 0 |6 530_010000000000000_SAA_1978 |7 0 |8 P |9 255297 |a BIBEDU |b BIBEDU |c BIBEDU_PB |d 2019-11-19 |i 1600893 |o 530.01 SAA 1978 |p 1600893 |r 2024-01-25 |w 2019-11-19 |y BK |k FIL | ||
| 952 | |0 0 |1 0 |4 0 |6 530_010000000000000_SAA_1978 |7 0 |8 P |9 255298 |a BIBEDU |b BIBEDU |c BIBEDU_PB |d 2019-11-19 |i 1600494 |o 530.01 SAA 1978 |p 1600494 |r 2024-01-25 |w 2019-11-19 |y BK |k FIL | ||
| 952 | |0 0 |1 0 |4 0 |6 530_010000000000000_SAA_1978 |7 0 |8 A |9 255301 |a BIBCUR |b BIBCUR |d 2019-11-19 |i 1747320 |o 530.01 SAA 1978 |p 1747320 |r 2025-04-22 |w 2019-11-19 |y BK |k BCB | ||
| 952 | |0 0 |1 0 |4 0 |6 530_010000000000000_SAA_1978 |7 0 |8 A |9 255303 |a BIBCUR |b BIBCUR |d 2019-11-19 |i 174741K |l 3 |o 530.01 SAA 1978 |p 174741K |r 2025-04-22 |s 2024-04-08 |w 2019-11-19 |y BK |k BCB | ||
| 952 | |0 0 |1 0 |4 0 |6 530_010000000000000_SAA_1978 |7 0 |8 X |9 255304 |a FDOBUD |b FDOBUD |d 2019-11-19 |i 4407822 |o 530.01 SAA 1978 |p 4407822 |r 2019-11-19 |w 2019-11-19 |y BK_X |k BUD | ||